Catálogo

KALEIDOSCOPE : (Registro nro. 15241)

Detalles MARC
000 -LEADER
fixed length control field 00432nam a2200157 a 4500
001 - CONTROL NUMBER
control field 15241
005 - DATE AND TIME OF LATEST TRANSACTION
control field 20180713203852.0
008 - FIXED-LENGTH DATA ELEMENTS--GENERAL INFORMATION
fixed length control field 140415s1994 000 0 spa d
020 ## - INTERNATIONAL STANDARD BOOK NUMBER
International Standard Book Number 0814125433
041 ## - LANGUAGE CODE
Language code of text/sound track or separate title spa
082 ## - DEWEY DECIMAL CLASSIFICATION NUMBER
Classification number 016.3058
Item number KAL
245 00 - TITLE STATEMENT
Title KALEIDOSCOPE :
Remainder of title A MULTICULTURAL BOOKLIST FOR GRADES K-8
260 ## - PUBLICATION, DISTRIBUTION, ETC.
Place of publication, distribution, etc. [s.l.] :
Name of publisher, distributor, etc. NCTE,
Date of publication, distribution, etc. 1994
300 ## - PHYSICAL DESCRIPTION
Extent 169
650 14 - SUBJECT ADDED ENTRY--TOPICAL TERM
Topical term or geographic name entry element LITERATURA JUVENIL
General subdivision BIBLIOGRAFIA
Existencias
Withdrawn status Lost status Source of classification or shelving scheme Damaged status Not for loan Collection code Home library Current library Shelving location Date acquired Source of acquisition Inventory number Total Checkouts Full call number Barcode Date last seen Price effective from Koha item type
    Dewey Decimal Classification     General Biblioteca Karol Wojtyla Biblioteca Karol Wojtyla Sala general 03/12/2013 Compra 151000000000000000059632   '016.3058 KAL 32738 05/01/2026 03/12/2013 Libro
Descarte   Dewey Decimal Classification       Biblioteca Karol Wojtyla Biblioteca Karol Wojtyla   03/12/2013 Compra     428 CUR 43008   17/08/2015 Libro